Annals, v & vi /
Guardado en:
| Autor Principal: | |
|---|---|
| Otros Autores: | , |
| Formato: | Libro |
| Publicado: |
Warminster :
Aris & Phillips,
2001
|
| Materias: | |
| Etiquetas: |
Agregar Etiqueta
Sin Etiquetas, Sea el primero en etiquetar este registro!
|
| LEADER | 00722nam a22002295a 4500 | ||
|---|---|---|---|
| 001 | EHU.bham028671 | ||
| 003 | AR-BHAM | ||
| 005 | 20110518143000.0 | ||
| 008 | 130507s2001##################000#0#####d | ||
| 082 | 8 | 7 | |a 878 |
| 100 | 1 | |a Tacito, Cayo C. | |
| 245 | 1 | 0 | |a Annals, v & vi / |c Cayo C. Tacito , Ronald Martin , M. M., Ed. Willcock |
| 260 | |a Warminster : |b Aris & Phillips, |c 2001 | ||
| 300 | |a 209 p.Introduction, translation and commentary by Ronald Martin. | ||
| 653 | |a Literatura latina | ||
| 653 | |a Anales latinos | ||
| 653 | |a Historia de roma | ||
| 653 | |a Augusto | ||
| 653 | |a Tiberio | ||
| 700 | 1 | |a Martin, Ronald | |
| 700 | 1 | |a Willcock, M. M., ed. | |
| 859 | |a AR-BHAM |b BIB. HUMANIDADES - General |h 878 |i T118-6 |p 1081.05 |t Ej.1 | ||
